000 00490nam a2200193Ia 4500
005 20240823011750.0
008 240823s9999||||xx |||||||||||||| ||und||
041 _aENGLISH
082 _A420 P0
100 _aHumanities
245 0 _aEnglish for Engineers and Technologies
250 _a1st
260 _c2000
_b"Orient Longman,Hydrabad"
500 _aYES
650 _aENG
_bEnglish
700 _a" social science division,Anna University,Madras"
942 _cBK
999 _c162475
_d162475